000 00377nam a2200169Ia 4500
001 6950
003 IN-NITTTR
005 20251114233023.0
008 251113s9999||||xx |||||||||||||| ||eng||
040 _beng
040 _cIN-NITTTR
041 _aeng
082 _a516 F958A
100 _aFuller, Gordon
245 0 _aAnalytical geometry. /
_cFuller, Gordon
942 _2ddc
_cBK
999 _c9588
_d9588